All 200k+ Cities in Europe on a Map - Statistics

General Stats
  • This quiz has been taken 3,612 times
  • The average score is 171 of 315
Answers on the Map
Answers color-coded by a green-red scale on the quiz's map according to % correct below.
 
Answer Stats
Country City Population % Correct
France Paris 2,165,423
95%
United Kingdom London 9,088,994
94%
Spain Madrid 3,305,408
94%
Italy Rome 2,761,632
94%
Spain Barcelona 1,636,732
93%
Germany Berlin 3,664,088
93%
Ireland Dublin 553,165
93%
Italy Milan 1,371,498
93%
Norway Oslo 699,827
93%
Sweden Stockholm 1,767,108
93%
Netherlands Amsterdam 1,114,745
92%
Denmark Copenhagen 1,336,982
92%
Finland Helsinki 658,457
92%
Turkey Istanbul 9,874,000
92%
Germany Munich 1,488,202
92%
Greece Athens 664,046
91%
Hungary Budapest 1,752,286
91%
Germany Hamburg 1,852,478
91%
Ukraine Kiev 2,962,180
91%
Portugal Lisbon 544,851
91%
United Kingdom Manchester 567,334
91%
Russia Moscow 12,455,682
91%
Italy Naples 914,758
91%
Czech Republic Prague 1,301,432
91%
Russia Saint Petersburg 5,384,342
91%
Austria Vienna 1,931,830
91%
Poland Warsaw 1,794,166
91%
Romania Bucharest 1,819,419
90%
United Kingdom Edinburgh 506,560
90%
United Kingdom Glasgow 632,330
90%
United Kingdom Liverpool 589,774
90%
France Marseille 870,731
90%
Belarus Minsk 2,009,786
90%
Bulgaria Sofia 1,221,785
90%
France Lyon 522,969
89%
Portugal Porto 231,962
89%
United Kingdom Belfast 337,210
88%
United Kingdom Birmingham 1,159,888
88%
France Nice 342,669
88%
Latvia Riga 620,974
88%
Netherlands Rotterdam 829,875
88%
Spain Valencia 789,744
88%
Croatia Zagreb 665,774
88%
Serbia Belgrade 1,166,763
87%
Germany Frankfurt 764,104
87%
Estonia Tallinn 438,341
87%
Italy Turin 848,885
87%
Italy Venice 254,661
87%
Bosnia and Herzegovina Sarajevo 348,363
86%
Spain Sevilla 684,234
86%
Lithuania Vilnius 546,155
86%
Switzerland Zurich 423,044
86%
Germany Cologne 1,083,498
85%
Italy Florence 367,150
85%
Italy Palermo 630,828
85%
Albania Tirana 418,495
85%
France Bordeaux 260,958
84%
United Kingdom Cardiff 356,425
84%
Switzerland Geneva 203,315
84%
Poland Kraków 779,966
84%
United Kingdom Leeds 516,298
84%
Slovakia Bratislava 475,577
83%
Sweden Malmö 325,069
83%
United Kingdom Newcastle 290,688
83%
Belgium Antwerp 529,417
82%
Spain Bilbao 346,405
82%
Poland Gdańsk 470,805
82%
Sweden Gothenburg 655,429
82%
North Macedonia Skopje 512,000
82%
Netherlands The Hague 803,835
82%
Italy Genoa 560,688
81%
Slovenia Ljubljana 285,604
81%
Greece Thessaloniki 325,182
81%
France Toulouse 493,465
81%
Ukraine Odessa 1,015,826
80%
United Kingdom Bristol 580,199
79%
Germany Dresden 556,227
79%
Germany Stuttgart 630,305
79%
France Lille 234,475
78%
Spain Málaga 577,405
78%
Iceland Reykjavik 236,518
78%
Norway Bergen 286,930
77%
Germany Dusseldorf 620,523
77%
Germany Leipzig 597,493
77%
Italy Bologna 392,203
76%
Moldova Chisinau 532,513
76%
France Nantes 318,808
76%
Germany Bremen 566,573
75%
Germany Dortmund 587,696
75%
Ukraine Kharkiv 1,433,886
75%
Germany Nuremberg 515,543
75%
Spain Palma 419,366
75%
United Kingdom Southampton 270,333
75%
Spain Zaragoza 675,301
75%
Italy Bari 316,140
74%
Ukraine Donetsk 905,364
74%
Germany Hanover 534,049
74%
Russia Kaliningrad 493,256
74%
Ukraine Lviv 721,510
74%
United Kingdom Sheffield 557,039
74%
France Strasbourg 287,228
73%
Czech Republic Brno 398,510
70%
Austria Graz 292,533
70%
Poland Łódź 672,185
70%
United Kingdom Nottingham 320,536
70%
United Kingdom Plymouth 240,297
70%
Germany Essen 582,415
69%
United Kingdom Leicester 472,897
69%
Denmark Aarhus 282,910
68%
Belgium Ghent 263,703
68%
Russia Rostov-on-Don 1,137,704
68%
Ukraine Sevastopol 464,349
68%
United Kingdom Brighton and Hove 245,504
67%
France Montpellier 295,542
67%
Italy Trieste 200,594
67%
Netherlands Utrecht 382,520
67%
Italy Verona 257,274
67%
Germany Bonn 330,579
66%
Italy Catania 298,324
66%
Russia Volgograd 1,004,763
66%
Spain Granada 231,775
65%
Germany Kiel 246,601
65%
Poland Wrocław 641,928
65%
Russia Kazan 1,257,341
64%
Norway Trondheim 210,496
64%
Ukraine Dnipro 980,948
63%
Austria Linz 207,254
63%
Spain Murcia 460,349
63%
Russia Nizhny Novgorod 1,244,254
63%
Romania Cluj-Napoca 324,700
62%
Poland Katowice 290,553
62%
France Rennes 220,488
62%
Russia Sochi 432,322
62%
Germany Aachen 248,878
61%
Spain A Coruña 245,468
61%
Spain Alicante 337,304
61%
Belarus Brest 340,318
61%
Netherlands Eindhoven 298,795
61%
Lithuania Kaunas 298,753
61%
United Kingdom Kingston upon Hull 287,705
61%
Germany Mannheim 309,721
61%
United Kingdom Portsmouth 248,748
61%
Poland Poznań 532,048
61%
Bulgaria Varna 332,394
60%
Spain Córdoba 322,071
59%
Russia Murmansk 282,851
59%
Spain Vigo 293,837
59%
Netherlands Groningen 213,705
58%
Ukraine Luhansk 399,559
57%
Serbia Novi Sad 231,798
57%
Bulgaria Plovdiv 342,048
57%
Finland Tampere 244,223
57%
United Kingdom Coventry 388,793
56%
Russia Krasnodar 948,827
56%
Ukraine Mariupol 431,859
56%
Italy Messina 220,094
56%
Poland Szczecin 398,255
56%
Russia Samara 1,144,759
55%
Germany Augsburg 295,830
54%
Germany Bielefeld 333,509
54%
Germany Freiburg im Breisgau 230,940
54%
Russia Perm 1,049,199
54%
Germany Rostock 209,061
54%
Russia Ufa 1,125,933
54%
Germany Mainz 217,123
52%
Finland Oulu 209,551
52%
Spain Valladolid 297,775
52%
Belgium Charleroi 201,837
51%
Germany Duisburg 495,885
51%
Czech Republic Ostrava 282,450
51%
Italy Padua 210,912
51%
Spain Pamplona 203,081
51%
Poland Lublin 338,586
50%
United Kingdom Northampton 230,070
50%
Romania Constanța 269,700
49%
Slovakia Košice 227,458
49%
Germany Lübeck 215,846
49%
Germany Münster 316,403
49%
Romania Timișoara 308,500
49%
United Kingdom Wolverhampton 221,754
49%
Hungary Debrecen 201,432
48%
United Kingdom Derby 264,430
48%
Finland Espoo 297,132
48%
United Kingdom Stoke-on-Trent 278,365
48%
United Kingdom Bradford 368,485
47%
Belarus Gomel 507,795
47%
Germany Karlsruhe 308,436
47%
Germany Magdeburg 235,775
47%
Ukraine Zaporizhzhia 722,713
47%
Russia Voronezh 1,050,602
46%
Russia Arkhangelsk 344,927
45%
Spain Gijón 268,896
45%
United Kingdom Luton 222,043
45%
Germany Wuppertal 355,004
45%
Germany Bochum 364,454
44%
United Kingdom Reading 228,471
44%
Germany Chemnitz 244,401
43%
Poland Gdynia 244,969
43%
Russia Grozny 324,602
43%
Romania Iași 303,000
43%
Russia Saratov 830,155
43%
Russia Kursk 450,977
42%
Greece Patras 213,984
42%
Germany Erfurt 213,692
41%
Germany Mönchengladbach 259,665
41%
Spain Oviedo 217,552
41%
Netherlands Haarlem 204,570
40%
Ukraine Kherson 283,649
40%
Spain Almería 200,753
39%
Russia Astrakhan 524,371
39%
Poland Białystok 296,958
39%
Romania Brașov 246,200
39%
Germany Gelsenkirchen 259,105
39%
Ukraine Simferopol 336,212
39%
Russia Smolensk 320,170
39%
Germany Halle 237,865
38%
Germany Kassel 201,048
38%
Germany Braunschweig 248,561
36%
Poland Bydgoszcz 344,091
36%
Russia Veliky Novgorod 225,019
36%
Germany Wiesbaden 278,609
36%
Russia Belgorod 391,702
35%
United Kingdom Bolton 206,385
35%
Spain Elche 234,205
35%
Belarus Grodno 357,510
35%
Russia Tula 467,955
35%
Spain Jerez de la Frontera 212,801
34%
Spain L'Hospitalet de Llobregat 264,657
34%
Russia Orenburg 572,819
34%
Spain Vitoria-Gasteiz 253,093
34%
Russia Vladimir 352,347
34%
Spain Cartagena 216,365
33%
Ukraine Kryvyi Rih 612,750
33%
Ukraine Mykolaiv 476,101
33%
Netherlands Tilburg 213,055
33%
Russia Tolyatti 693,072
33%
Russia Yaroslavl 601,403
33%
Russia Makhachkala 604,266
32%
Russia Tver 424,969
31%
Finland Vantaa 239,206
31%
Belarus Vitebsk 362,949
31%
Romania Craiova 246,400
30%
Netherlands Leiden 270,225
30%
Italy Prato 200,762
30%
Russia Ryazan 534,801
30%
Spain Badalona 223,006
29%
Russia Bryansk 399,579
29%
Russia Pskov 209,426
29%
Russia Stavropol 454,488
29%
Ukraine Sumy 259,660
29%
Romania Galați 227,800
28%
Poland Częstochowa 217,530
27%
Belarus Mogilev 357,404
27%
Ukraine Chernihiv 285,234
26%
Germany Krefeld 226,844
26%
Ukraine Poltava 283,402
26%
Russia Ulyanovsk 627,870
26%
Netherlands Dordrecht 221,235
25%
Russia Ivanovo 401,505
25%
Russia Kirov 521,091
25%
Russia Lipetsk 503,216
25%
Russia Penza 516,450
25%
Poland Radom 209,296
25%
Russia Izhevsk 646,468
24%
Germany Oberhausen 209,566
24%
Turkey Çorlu 302,395
23%
Ukraine Ivano-Frankivsk 237,855
23%
Russia Kaluga 331,842
23%
Spain Terrassa 223,011
23%
Spain Sabadell 216,204
22%
Ukraine Vinnytsia 370,601
22%
Ukraine Rivne 245,289
21%
Ukraine Lutsk 217,197
20%
Russia Oryol 303,696
20%
Russia Tambov 289,701
20%
Ukraine Ternopil 223,938
20%
Ukraine Cherkasy 272,651
19%
Spain Móstoles 209,639
19%
Russia Vladikavkaz 301,543
19%
Ukraine Chernivtsi 265,471
18%
Russia Novorossiysk 275,795
18%
Russia Petrozavodsk 280,711
18%
Russia Vologda 308,530
18%
Ukraine Zhytomyr 263,507
18%
Russia Saransk 317,432
17%
Russia Cheboksary 495,810
16%
Russia Engels 226,143
16%
Ukraine Horlivka 241,106
16%
Russia Naberezhnye Chelny 532,074
16%
Russia Taganrog 248,269
16%
Russia Kostroma 277,393
15%
Ukraine Makiivka 340,337
15%
Russia Nalchik 239,054
15%
Russia Podolsk 309,250
15%
Russia Khimki 257,757
14%
Russia Orsk 224,814
14%
Russia Cherepovets 312,091
13%
Belarus Babruysk 211,389
12%
Russia Balashikha 507,307
12%
Ukraine Khmelnytskyi 274,582
12%
Ukraine Kremenchuk 217,710
12%
Ukraine Bila Tserkva 208,737
11%
Russia Shakhty 228,816
11%
Russia Syktyvkar 243,926
11%
Russia Stary Oskol 223,711
10%
Ukraine Kropyvnytskyi 222,695
9%
Russia Sterlitamak 274,134
9%
Russia Yoshkar-Ola 276,155
9%
Russia Dzerzhinsk 227,326
8%
Ukraine Kamianske 229,794
8%
Russia Lyubertsy 208,397
8%
Russia Mytishchi 245,643
7%
Russia Nizhnekamsk 240,097
7%
Russia Volzhskiy 323,853
7%
Russia Korolyov 225,299
5%
No matching quizzes found
Score Distribution
Percent of People with Each Score
Percentile by Number Answered
Your Score History
You have not taken this quiz